Statistics for US States Where the Value of a Dollar is the Most

Click here to take the quiz!

General Stats

  • This quiz has been taken 43 times
  • The average score is 8 of 10

Answer Stats

Value of a Dollar State % Correct
$1.14Alabama
97%
$1.15Mississippi
92%
$1.11Oklahoma
89%
$1.14Arkansas
86%
$1.11Iowa
84%
$1.12Ohio
84%
$1.13West Virginia
84%
$1.12Kentucky
84%
$1.12Missouri
65%
$1.14South Dakota
59%

Score Distribution

Percentile by Number Answered

Percent of People with Each Score

Your Score History

You have not taken this quiz